00578 2200229 4500001002100000005001500021008004100036020001800077035002500095041000800120082001100128090001100139100002000150245005000170250001600220260003700236300002500273500000700298650000900305650001800314700001600332INLIS00000000001611820130516024916 ind  a979-3084-45-6 a0010-051300000016118 aind a639.31 a639.31 aMuhammad, Dayat aBudi Daya Koi Blitar Pengalaman dari Ciganjur aCetakan : 1 aJakartabArgomedia Pustakac2002 ax, 70 hlm. ;23.5 cm. a67 aIkan aPembudidayaan aSitanggang,